| 000 | 01833nam a2200433 a 4500 | ||
|---|---|---|---|
| 001 | ebr10439324 | ||
| 003 | CaPaEBR | ||
| 006 | m u | ||
| 007 | cr cn||||||||| | ||
| 008 | 090630s2009 ne ab sb 001 0 eng d | ||
| 010 | _z 2009026639 | ||
| 020 | _z9789004177512 (hardback : alk. paper) | ||
| 020 | _z9004177515 (hardback : alk. paper) | ||
| 020 | _z9789047444794 (e-book) | ||
| 040 |
_aCaPaEBR _cCaPaEBR |
||
| 035 | _a(OCoLC)695990151 | ||
| 043 |
_af------ _ae-uk--- |
||
| 050 | 1 | 4 |
_aDT21.5 _b.S655 2009eb |
| 082 | 0 | 4 |
_a960/.23 _222 |
| 245 | 0 | 0 |
_aSoldiers and settlers in Africa, 1850-1918 _h[electronic resource] / _cedited by by Stephen M. Miller. |
| 260 |
_aLeiden ; _aBoston : _bBrill, _c2009. |
||
| 300 |
_axiii, 339 p. : _bill., maps. |
||
| 490 | 1 |
_aHistory of warfare, _x1385-7827 ; _vv. 56 |
|
| 504 | _aIncludes bibliographical references and index. | ||
| 533 |
_aElectronic reproduction. _bPalo Alto, Calif. : _cebrary, _d2013. _nAvailable via World Wide Web. _nAccess may be limited to ebrary affiliated libraries. |
||
| 610 | 1 | 0 |
_aGreat Britain. _bArmy _xHistory _y19th century. |
| 610 | 1 | 0 |
_aGreat Britain. _bArmy _xHistory _y20th century. |
| 650 | 0 |
_aSoldiers _zAfrica _xHistory _y19th century. |
|
| 650 | 0 |
_aSoldiers _zAfrica _xHistory _y20th century. |
|
| 651 | 0 |
_aAfrica _xHistory, Military _y19th century. |
|
| 651 | 0 |
_aAfrica _xHistory, Military _y20th century. |
|
| 651 | 0 |
_aGreat Britain _xColonies _zAfrica _xHistory _y19th century. |
|
| 651 | 0 |
_aGreat Britain _xColonies _zAfrica _xHistory _y20th century. |
|
| 655 | 7 |
_aElectronic books. _2local |
|
| 700 | 1 |
_aMiller, Stephen M., _d1964- |
|
| 710 | 2 | _aebrary, Inc. | |
| 830 | 0 |
_aHistory of warfare ; _vv. 56. |
|
| 856 | 4 | 0 |
_uhttp://site.ebrary.com/lib/rucke/Doc?id=10439324 _zAn electronic book accessible through the World Wide Web; click to view |
| 999 |
_c245131 _d245131 |
||